000 00951nas a2200289 4500
001 BR0204147
003 BR-BrBNA
005 20231205103202.0
007 ta
008 230509b bl.|||p| |||| 00| 00por d
040 _aBR-BrBNA
_bpor
_cBiblioteca Nacional de Agricultura
041 _a(Pt)
072 _aL72
100 1 _aSilva, M. do C. L.
100 1 _aSobrinho, R.N.
100 1 _aLinhares, G.F.C.
245 1 _aAvaliação in vitro da eficácia do clorfenvinfós e da cialotrina sobre o Boophilus micropllus, colhidos em bovinos da bacia leiteira da microrregião de Goiânia-Go
650 _aGADO LEITEIRO
650 _aCARRAPATO
650 _aINFESTAÇÃO
650 _aMEDICAMENTO
650 _aCULTURA IN VITRO
650 _aCARRAPATICIDA
773 0 _tCiência Animal Brasileira (Brazil)
_xISSN 1518-2797
_g(Jul-Dec 2000), v. 1(2) p. 143-148
_wBR0204147
909 _a202311
_bLúcia
_c55
_dLúcia Elande
942 _2AGRIS
_n0
_cANA
999 _c171544
_d171544